[Event "Titled Tuesday intern op 29th Nov Early"]
[Site "Chess.com INT"]
[Date "2022.11.29"]
[Round "7"]
[White "Tarlabasi, Emirhan"]
[Black "Kuznetsov, Mikhail V"]
[Result "1-0"]
[WhiteElo "2300"]
[BlackElo "2246"]
[PlyCount "107"]
[EventDate "2022.11.29"]
[EventType "swiss (blitz)"]
[EventRounds "11"]
[EventCountry "USA"]
[SourceTitle "EXT 2024"]
[Source "ChessBase"]
[SourceDate "2023.10.10"]
[SourceVersion "1"]
[SourceVersionDate "2023.10.10"]
[SourceQuality "1"]

1. Nf3 Nf6 2. c4 g6 3. b3 d5 4. Bb2 Bg7 5. g3 0-0 6. Bg2 c5 7. cxd5 Qxd5 8. 0-0 Nc6 9. Ne5 Qd6 10. Nxc6 bxc6 11. d3 Be6 12. Nd2 Bd5 13. Nc4 Qd7 14. Ne5 Qd6 15. Nc4 Qd7 16. Rc1 Bxg2 17. Kxg2 Nd5 18. Bxg7 Kxg7 19. Qc2 Nb6 20. f3 Nd5 21. e4 Nb6 22. Rfd1 Qe6 23. Qc3+ f6 24. Ne3 Nd7 25. Qc4 Qxc4 26. Rxc4 Rfd8 27. d4 cxd4 28. Rcxd4 Kf7 29. Rxd7 Rxd7 30. Rxd7 a5 31. Nc4 a4 32. Nb6 axb3 33. Nxa8 bxa2 34. Ra7 c5 35. Rxa2 c4 36. Nb6 c3 37. Rc2 e5 38. Rxc3 f5 39. Nd5 fxe4 40. fxe4 Ke6 41. Rc6+ Kd7 42. Rc7+ Kd6 43. Rxh7 Kc5 44. Rh6 Kd4 45. Rxg6 Kxe4 46. h4 Kf5 47. h5 e4 48. Ne3+ Ke5 49. Rg4 Kd4 50. h6 Kd3 51. h7 Kxe3 52. h8Q Kd2 53. Qd4+ Ke2 54. Rxe4# 1-0

[Event "Titled Tuesday intern op 29th Nov Early"]
[Site "Chess.com INT"]
[Date "2022.11.29"]
[Round "10"]
[White "Tarlabasi, Emirhan"]
[Black "Ronka, Erik"]
[Result "0-1"]
[WhiteElo "2300"]
[BlackElo "2258"]
[PlyCount "44"]
[EventDate "2022.11.29"]
[EventType "swiss (blitz)"]
[EventRounds "11"]
[EventCountry "USA"]
[SourceTitle "EXT 2024"]
[Source "ChessBase"]
[SourceDate "2023.10.10"]
[SourceVersion "1"]
[SourceVersionDate "2023.10.10"]
[SourceQuality "1"]

1. Nf3 Nf6 2. c4 e6 3. b3 a6 4. Bb2 b5 5. cxb5 axb5 6. g3 Bb7 7. Bg2 c5 8. d4 cxd4 9. Qxd4 Nc6 10. Qd2 Bb4 11. Nc3 Ne4 12. Qc2 Qa5 13. Rc1 Nxc3 14. Bxc3 Bxc3+ 15. Qxc3 Qxc3+ 16. Rxc3 Rxa2 17. 0-0 Rxe2 18. Ra1 0-0 19. Nd4 Nxd4 20. Bxb7 Rb2 21. Rd3 Nxb3 22. Rxd7 Nxa1 0-1

[Event "Titled Tuesday intern op 29th Nov Early"]
[Site "Chess.com INT"]
[Date "2022.11.29"]
[Round "8"]
[White "Tarlabasi, Emirhan"]
[Black "Vlassov, Nikolai"]
[Result "1-0"]
[WhiteElo "2300"]
[BlackElo "2283"]
[PlyCount "59"]
[EventDate "2022.11.29"]
[EventType "swiss (blitz)"]
[EventRounds "11"]
[EventCountry "USA"]
[SourceTitle "EXT 2024"]
[Source "ChessBase"]
[SourceDate "2023.10.10"]
[SourceVersion "1"]
[SourceVersionDate "2023.10.10"]
[SourceQuality "1"]

1. Nf3 c5 2. c4 g6 3. Nc3 Bg7 4. b3 d5 5. cxd5 Nf6 6. Bb2 Nxd5 7. g3 0-0 8. Bg2 Nc6 9. 0-0 b6 10. Qc1 Bb7 11. Nxd5 Bxb2 12. Nxe7+ Qxe7 13. Qxb2 Qxe2 14. Rfe1 Qd3 15. Re3 Qd6 16. Rd1 Rad8 17. d4 cxd4 18. Red3 Ba6 19. Nxd4 Bxd3 20. Nxc6 Rde8 21. Qc3 Re2 22. Rxd3 Qa3 23. Rd1 Qxa2 24. Bf3 Re6 25. Ra1 Rxc6 26. Bxc6 Qe2 27. Rxa7 Rc8 28. Qf6 Qd1+ 29. Kg2 Qxb3 30. Rd7 1-0

[Event "TUR-chT"]
[Site "Ankara"]
[Date "2022.08.27"]
[Round "13.3"]
[White "Tarlabasi, Emirhan"]
[Black "Erdogmus, Yagiz Kaan"]
[Result "1-0"]
[WhiteElo "2301"]
[BlackElo "2456"]
[PlyCount "153"]
[EventDate "2022.08.16"]
[EventType "team-tourn"]
[EventRounds "13"]
[EventCountry "TUR"]
[SourceTitle "CBM 209 Extra"]
[Source "ChessBase"]
[SourceDate "2022.09.30"]
[SourceVersion "1"]
[SourceVersionDate "2022.09.30"]
[SourceQuality "1"]
[WhiteTeam "Tas Duvar"]
[BlackTeam "Bursa Buyuksehir"]
[WhiteTeamCountry "TUR"]
[BlackTeamCountry "TUR"]

1. d4 Nf6 2. c4 g6 3. Nf3 Bg7 4. e3 0-0 5. Be2 c5 6. d5 d6 7. 0-0 e6 8. Nc3 Re8 9. Nd2 Na6 10. e4 Nc7 11. a4 Rb8 12. f4 exd5 13. cxd5 a6 14. a5 Bd7 15. Bf3 Bb5 16. Re1 Nd7 17. Ndb1 Bd4+ 18. Be3 Qf6 19. g3 Bxe3+ 20. Rxe3 Qd4 21. Qe1 Bd3 22. Na3 c4 23. Rd1 Qc5 24. Na4 Qa7 25. Qf2 Nb5 26. Rde1 Qd4 27. Nc2 Bxc2 28. Qxc2 Nc5 29. Nb6 Nd3 30. R1e2 f5 31. Qxc4 fxe4 32. Bg4 Nb4 33. Kg2 Qxc4 34. Nxc4 Nxd5 35. Rxe4 Rxe4 36. Rxe4 Nf6 37. Be6+ Kf8 38. Re3 d5 39. Ne5 Rd8 40. Rd3 Ke7 41. Bh3 Ne4 42. b4 d4 43. Kg1 Nec3 44. Bg2 Nd6 45. Bf3 Ncb5 46. Kg2 Rc8 47. g4 Rc2+ 48. Kg3 Rb2 49. h4 Ke6 50. Rd1 Kf6 51. Re1 Nc3 52. Nd3 Rb1 53. g5+ Kg7 54. Rxb1 Nxb1 55. Nc5 d3 56. Nxd3 Nc3 57. Nc5 Na2 58. b5 axb5 59. Nxb7 Nc8 60. Nc5 b4 61. Bd5 Nc3 62. Bc4 Nd6 63. Bb3 Nf5+ 64. Kh3 Nb5 65. a6 Kf8 66. Ba4 Na7 67. Nd3 Ke7 68. Nxb4 Kd6 69. Bb3 Kc5 70. Nc2 h6 71. Bf7 hxg5 72. fxg5 Ne7 73. Ne3 Kd4 74. Ng2 Ke4 75. Kg4 Nac6 76. Be8 Ne5+ 77. Kg3 1-0

[Event "TUR-chT"]
[Site "Ankara"]
[Date "2022.08.21"]
[Round "6.6"]
[White "Tarlabasi, Emirhan"]
[Black "Daneshvar, Bardiya"]
[Result "0-1"]
[WhiteElo "2301"]
[BlackElo "2490"]
[PlyCount "66"]
[EventDate "2022.08.16"]
[EventType "team-tourn"]
[EventRounds "13"]
[EventCountry "TUR"]
[SourceTitle "CBM 209 Extra"]
[Source "ChessBase"]
[SourceDate "2022.09.30"]
[SourceVersion "1"]
[SourceVersionDate "2022.09.30"]
[SourceQuality "1"]
[WhiteTeam "Tas Duvar"]
[BlackTeam "Hatay Buyuksehir"]
[WhiteTeamCountry "TUR"]
[BlackTeamCountry "TUN"]

1. d4 Nf6 2. c4 g6 3. h4 Bg7 4. Nc3 Nc6 5. e4 e5 6. d5 Nd4 7. Nge2 0-0 8. Be3 c5 9. dxc6 bxc6 10. Nxd4 exd4 11. Bxd4 Re8 12. Be2 c5 13. Bxc5 Bb7 14. f3 Bh6 15. h5 Nxh5 16. g4 Qg5 17. Nd5 Nf4 18. Nxf4 Qxf4 19. Bd6 Qg5 20. f4 Qa5+ 21. b4 Qa3 22. Qb3 Qa6 23. 0-0-0 Rxe4 24. b5 Qb6 25. Rxh6 Rxe2 26. c5 Rc8 27. Kb1 Rxc5 28. Bxc5 Qxc5 29. Rh3 Be4+ 30. Ka1 Rc2 31. a3 d5 32. Qe3 Ra2+ 33. Kxa2 Qc2+ 0-1